| 000 | 00501nam a22001937a 4500 | ||
|---|---|---|---|
| 003 | CEME | ||
| 005 | 20210628210140.0 | ||
| 008 | 210215b xxu||||| |||| 00| 0 eng d | ||
| 020 | _a0-256-20414-4 | ||
| 040 | _c. | ||
| 082 | _a621.38275 POW | ||
| 100 |
_aPowers, John _978308 |
||
| 245 | _aAn introduction to fiber optics systems | ||
| 250 | _a2ND | ||
| 260 |
_aNEW YORK _bMCGRAW HILL _c1999 |
||
| 300 | _a340P | ||
| 650 |
_aOPTICAL COMMUNICATION SYSTEMS FIBER OPTICS _978309 |
||
| 942 |
_cBK _2ddc |
||
| 999 |
_c583450 _d583450 |
||